000 00156nam a22000857a 4500
082 _aSPE
100 _aSpeiegal
245 _aAdvanced mathematics
942 _cBK
999 _c15314
_d15314